Discovering genomics, proteomics and bioinformatics (Record no. 5803)

MARC details
000 -LEADER
fixed length control field 00498nam a2200169Ia 4500
008 - FIXED-LENGTH DATA ELEMENTS--GENERAL INFORMATION
fixed length control field 230917s9999||||xx |||||||||||||| ||und||
020 ## - ISBN
Price USD 195.00 (RS 16032.90)
040 ## - CATALOGING SOURCE
-- 5003851
Original cataloging agency VIVEKANANDA LIBRARY
041 ## - Language
-- English
082 ## - DDC NUMBER
Classification number 572.86 B291D
100 ## - MAIN ENTRY--PERSONAL NAME
Personal name Bashirian, Irving
245 #0 - TITLE STATEMENT
Title Discovering genomics, proteomics and bioinformatics
260 ## - PUBLICATION, DISTRIBUTION, ETC. (IMPRINT)
Place of publication, distribution, etc New Orleans
Name of publisher, distributor, etc White Press Academic
Date of publication, distribution, etc 2020
300 ## - PHYSICAL DESCRIPTION
Pages x, 283 p.
500 ## - GENERAL NOTE
General note 4581 14/10/2022 PBA22/234 18/10/2022 Main Budget
942 ## - ADDED ENTRY ELEMENTS (KOHA)
Koha item type Books
Holdings
Withdrawn status Lost status Damaged status Not for loan Location (home branch) Sublocation or collection (holding branch) Date acquired Koha issues (times borrowed) Koha full call number Accession No. Koha date last seen Koha item type
        VIVEKANANDA LIBRARY VIVEKANANDA LIBRARY 01/11/2022   572.86 B291D 401042 17/09/2023 Books
© Designed and Maintained by Vivekananda Library, MDU Rohtak